LEADER 01401nam a2200289 4500 001 000000356994 003 CaOOAMICUS 005 20240207123556.0 008 240131s2023 xxk 000 u eng r 020 $a1-58983-188-8 040 $aSeMil$bita 100 0 $aPhilo : Alexandrinus ,$d.$0(OLS)http://semarc/name/1002 240 10$aIn Flaccum.$0(OLS)http://semarc/title/447328 245 10$aPhilo's Flaccus :$bthe first pogrom /$ctranslation and commentary by Pieter Willem van der Horst. 264 1$aAtlanta :$bSociety of Biblical Literature,$c2023. 300 $aXII, 277 p. ;$c23 cm 490 1 $aPhilo of Alexandria Commentary series ;$v2 650 4$aFilone : di Alessandria . In Flaccum.$0(OLS)http://semarc/subject/55042 700 1 $aHorst, Pieter Willem van der,$d<1946- >.$0(OLS)http://semarc/name/119068 830 0$aPhilo of Alexandria Commentary series ;$v2.$0(OLS)http://semarc/title/447225 850 $aSeMil 852 $aSeMil$W1$xVenegono$y1$m2T V 31$j245927$B248180$CSeMilBibl$Z2$F248180 $81 961 $aPerego don Stefano - Omaggio 996 $6020$a1-58983-188-8$9(OLS)http://semarc/number/299732 996 $6245$aPhilo's Flaccus :$bthe first pogrom$9(OLS)http://semarc/title/447226 996 $6264$aAtlanta :$bSociety of Biblical Literature$9(OLS)http://semarc/publisher/59647 LEADER 00994nam a2200229 i 4500 001 000000162061 003 CaOOAMICUS 005 20080204000000.0 008 080204s1980 it u000 u ita u 013 $a139425 040 $aSeMil$bita 245 10$aSulle orme di San Francesco nella Terra Reatina :$bguida ai santuari della Valle Santa. 260 $aTerni :$bCarlo Maria Livoni edizioni d'Arte,$c1980. 300 $a73 p. :$briccamente ill. ;$c22 cm. 500 $aFondo Card. Giovanni Colombo. 650 4$aRieti - Luoghi francescani.$0(OLS)http://semarc/subject/28912 850 $aSeMil 852 $aSeMil$W1$xVenegono$y1$m4Y III 47$j113438$B113438$CSeMilBibl$Z2$F131262 $81 941 1 $a3 961 $aLascito: Colombo Card. Giovanni 996 $6245$aSulle orme di San Francesco nella Terra Reatina :$bguida ai santuari della Valle Santa$9(OLS)http://semarc/title/145547 996 $6260$aTerni :$bCarlo Maria Livoni edizioni d'Arte$9(OLS)http://semarc/publisher/44503 LEADER 01139nam a2200241 i 4500 001 000000102144 003 CaOOAMICUS 005 20160908000000.0 008 160908s1996 it u000 u ita u 013 $a74296 040 $aSeMil$bita 100 1 $aMaggiolini, Alessandro .$0(OLS)http://semarc/name/7299 245 13$aLa Cattedrale sul Lago :$bforme, spazi e simboli di fede nel Duomo di Como /$cTesti di Alessandro Maggiolini ... [et al.]. 260 $a[Milano] :$bGiorgio Mondadori,$ccopyr. 1996. 300 $a187 p. :$bill. ;$c28 cm. 490 0 $aI libri di Bell'Italia 650 4$aComo - Chiese - Cattedrale di Santa Maria Assunta (Duomo).$0(OLS)http://semarc/subject/18067 830 2$aI libri di Bell'Italia.$0(OLS)http://semarc/title/45152 850 $aSeMil 852 $aSeMil$W1$xVenegono$y1$m4Y VI 180$j58724$B58724$CSeMilBibl$Z2$F69655 $81 961 $aOmaggio: Zannini don Pierpaolo 996 $6245$aLa Cattedrale sul Lago :$bforme, spazi e simboli di fede nel Duomo di Como$9(OLS)http://semarc/title/148861 996 $6260$a[Milano] :$bGiorgio Mondadori$9(OLS)http://semarc/publisher/55845